Normal view
MARC view
- مؤسسة الأرض والإنسان لدعم التنمية بدعم من الصندوق الكندي
Entry Personal Name
001 - CONTROL NUMBER
- control field: 22658
003 - CONTROL NUMBER IDENTIFIER
- control field: JO-AjAnu
005 - DATE AND TIME OF LATEST TRANSACTION
- control field: 20230606073916.0
008 - FIXED-LENGTH DATA ELEMENTS
- fixed length control field: 230606|| aca||aabn | a|a d
040 ## - CATALOGING SOURCE
- Original cataloging agency: JO-AjAnu
- Transcribing agency: JO-AjAnu
100 ## - HEADING--PERSONAL NAME
- Personal name: مؤسسة الأرض والإنسان لدعم التنمية بدعم من الصندوق الكندي
670 ## - SOURCE DATA FOUND
- Source citation: Work cat.: (JO-AjAnu)11646: مؤسسة الأرض والإنسان لدعم التنمية بدعم من الصندوق الكندي , author, مشروع مؤسسة البرلمان المدرسي في وزارة التربية والتعليم (دراسة وصفية)